000 00676nam a2200217 i 4500
001 36349
003 ES-MaACL
005 20250824211721.0
007 t|
008 030218s1959 sp ||||1| spa d
100 1 _aBriot, Rene.
_931780
245 1 0 _aRobert Bresson /
_cRene Briot ; [traducción de C.G. de Gambra].
260 _aMadrid :
_bRialp,
_c1959 (
_fAndrés Martín)
300 _a124 p., 4 lám. ;
_c19 cm.
490 1 _aLibros de cine Rialp
600 1 4 _aBresson, Robert (
_d1901-1999)
_9165766
700 1 _aGutiérrez de Gambra, Carmen.
_961119
830 1 0 _aLibros de cine Rialp
_9181163
852 _aES-MaACL
_jC-17669
999 _c36349
_d36349